000 00709nam a2200229 i 4500
001 bg
100 1 _aWYSIECKI, Mieczysław
245 1 0 _aNowoczesne materiały narzędziowe stosowane w obróbce skrawaniem /
_cMieczysław Wysiecki.
260 _aWarszawa :
_bWydawnictwa Naukowo-Techniczne,
_c1997.
300 _a171, [1] s. :
_bil. ;
_c24 cm.
504 _aBibliogr. - Indeks.
650 9 _aSkrawanie
_xnarzędzia i maszyny
_xmateriały
650 9 _aMetalurgia proszków
655 _aPodręczniki akademickie
020 _a8320421144
040 _cBPK
041 0 _apol
080 _a621.9:621.762](075.8)
920 _a83-204-2114-4
942 _cKS
008 s pl f |000 0 pol
999 _c43592
_d43592
856 _uhttp://koha.tu.koszalin.pl/cgi-bin/koha/opac-detail.pl?biblionumber=43592
_yKatalog online BPK